The relationship between the Industrialised and Developing Countries fourth annual Mboya memorial lecture delivered by the Rt Hon Judith Hart MP Ministry of Overseas Development, February 1975 (Record no. 490680)

000 -LEADER
fixed length control field 00575cam a22001217a 4500
008 - FIXED-LENGTH DATA ELEMENTS--GENERAL INFORMATION
fixed length control field 180718b1975 xxu||||| |||| 00| 0 eng d
082 ## - DEWEY DECIMAL CLASSIFICATION NUMBER
Classification number D Un3r
245 ## - TITLE STATEMENT
Title The relationship between the Industrialised and Developing Countries fourth annual Mboya memorial lecture delivered by the Rt Hon Judith Hart MP Ministry of Overseas Development, February 1975
Statement of responsibility, etc. by Ministry of Overseas Development
260 ## - PUBLICATION, DISTRIBUTION, ETC.
Place of publication, distribution, etc. London
Name of publisher, distributor, etc. Her Majesty's Stationery Office
Date of publication, distribution, etc. 1975
300 ## - PHYSICAL DESCRIPTION
Extent 13p.
440 ## - SERIES STATEMENT/ADDED ENTRY--TITLE
Title Overseas Development Paper No. 1
700 ## - ADDED ENTRY--PERSONAL NAME
Personal name United Kingdom. Ministry of Overseas Development
Holdings
Withdrawn status Lost status Damaged status Not for loan Permanent Location Current Location Date acquired Full call number Barcode Date last seen Price effective from Koha item type
        Indian Institute of Public Administration Indian Institute of Public Administration 2018-08-04 D Un3r G12870 2018-08-04 2018-08-04 G

Powered by Koha